Score 0/52 Timer 09:00
0 Plays Today
% Correct
Marilyn Monroe
93.7%
Barack Obama
89.2%
Justin Bieber
81.3%
Charlie Chaplin
79.1%
Michael Jordan
77%
Oprah Winfrey
67.6%
Elvis Presley
65.5%
John Lennon
60.7%
Mother Teresa
58%
Mick Jagger
55.2%
Chris Rock
52.6%
Tom Cruise
49.4%
Donald Trump
44.2%
David Cameron
42.7%
Tiger Woods
42.3%
Walt Disney
42.2%
Will Smith
41.6%
Eminem
40.6%
Adolf Hitler
38.4%
Jesse James
36.6%
Paris Hilton
36.4%
Ringo Starr
36.3%
Dolly Parton
35.9%
Woody Allen
32.9%
John Wayne
32.6%
Anne Frank
32%
% Correct
Fidel Castro
30.2%
Bill Gates
28.4%
Sarah Palin
27.4%
Helen Keller
27%
Brad Pitt
26.1%
Hugh Grant
25.2%
Jane Austen
24.9%
Hulk Hogan
24.6%
Plato
23.5%
Grace Kelly
22.1%
Katy Perry
21.9%
Babe Ruth
21%
Doris Day
18.8%
Marco Polo
17.4%
Hank Williams
16.8%
Pelé
16.8%
Halle Berry
16.2%
Dan Brown
15.9%
Usain Bolt
15.5%
Matt Damon
14.8%
Lady Gaga
11.9%
Tony Blair
10.8%
Mae West
10.5%
Dalai Lama
6.6%
Jay Leno
4.6%
Karl Marx
3%

You're not logged in!

Compare scores with friends on all Sporcle quizzes.
OR
Log In

Sporcle TV

Today on Sporcle TV


Watch our educational content, quiz creation guides, and fun videos on Sporcle TV.

Show Comments

Extras

Top Quizzes Today


Score Distribution

Paid Content

Your Account Isn't Verified!

In order to create a playlist on Sporcle, you need to verify the email address you used during registration. Go to your Sporcle Settings to finish the process.

Report this User

Report this user for behavior that violates our Community Guidelines.

Details: